Visualizzazione normale
Vista MARC
- Báñez, Domingo,
di Personal Name
Records bibliografici associati: 4
001 - CONTROL NUMBER
- control field: 1414
003 - CONTROL NUMBER IDENTIFIER
- control field: IT-RoINE
005 - DATE AND TIME OF LATEST TRANSACTION
- control field: 20221013124409.0
008 - FIXED-LENGTH DATA ELEMENTS
- fixed length control field: 131125|| aca||aabn | a|a d
040 ## - CATALOGING SOURCE
- Original cataloging agency: IT-RoINE
- Transcribing agency: IT-RoINE
100 1# - HEADING--PERSONAL NAME
- Personal name: Báñez, Domingo,
- Titles and other words associated with a name: O.P.,
- Dates associated with a name: 1528-1604
400 1# - SEE FROM TRACING--PERSONAL NAME
- Personal name: Báñez, Dominicus,
- Titles and other words associated with a name: O.P.,
- Dates associated with a name: 1528-1604
400 1# - SEE FROM TRACING--PERSONAL NAME
- Personal name: Báñez, D.,
- Titles and other words associated with a name: O.P.,
- Dates associated with a name: 1528-1604
400 1# - SEE FROM TRACING--PERSONAL NAME
- Personal name: Bannes, D.,
- Titles and other words associated with a name: O.P.,
- Dates associated with a name: 1528-1604
400 1# - SEE FROM TRACING--PERSONAL NAME
- Personal name: Bañes, Domingo,
- Titles and other words associated with a name: O.P.,
- Dates associated with a name: 1528-1604
400 1# - SEE FROM TRACING--PERSONAL NAME
- Personal name: Vañes, Domingo,
- Titles and other words associated with a name: O.P.,
- Dates associated with a name: 1528-1604
670 ## - SOURCE DATA FOUND
- Source citation: Work cat.: (IT-RoINE)0: Báñez, Domingo, O.P., 1528-1604, Comentarios inéditos a la tercera parte de Santo Tomás / , 1951-[1953]